Statystyki dla Lechia Gdańsk, jesień 2019/2020

Kliknij tutaj aby rozwiązać quiz!

Ogólne statystyki

  • Ten quiz został rozwiązany 140 razy
  • Średni wynik to 16 z 30

Statystyki odpowiedzi

PozycjaImię i Nazwisko% Poprawnych
BramkarzDusan Kuciak
98%
NapastnikFlavio Paixao
93%
ObrońcaKarol Fila
83%
PomocnikSławomir Peszko
81%
NapastnikArtur Sobiech
76%
ObrońcaMichał Nalepa
74%
ObrońcaFilip Mladenović
74%
BramkarzZlatan Alomerović
74%
PomocnikLukas Haraslin
73%
ObrońcaMario Maloca
69%
ObrońcaBłażej Augustyn
68%
PomocnikTomasz Makowski
62%
PomocnikDaniel Łukasik
61%
PomocnikRafał Wolski
60%
PomocnikPatryk Lipski
55%
PomocnikJarosław Kubicki
55%
PomocnikMaciej Gajos
47%
NapastnikJakub Arak
45%
PomocnikZarko Udovicić
45%
PomocnikEgy Maulana Vikri
41%
ObrońcaPaweł Żuk
40%
BramkarzMaciej Woźniak
35%
ObrońcaRafał Kobryń
34%
ObrońcaAdam Chrzanowski
32%
PomocnikMateusz Żukowski
29%
ObrońcaFilip Dymerski
26%
PomocnikMateusz Sopoćko
20%
PomocnikMateusz Cegiełka
14%
PomocnikAdrian Petk
7%
PomocnikDaniel Mikołajewski
7%

Rozkład punktacji

Percentyl według liczby udzielonych odpowiedzi

Procent ludzi z każdym wynikiem

Twoja historia wyników

Nie rozwiązałeś tego quizu